Implicaciones estructurales e ideológicas del anteproyecto que crea la comunidad económica y social centroamericana
Guardat en:
| Autor principal: | |
|---|---|
| Format: | Text |
| Publicat: |
Panamá :
|
| Etiquetes: |
Afegir etiqueta
Sense etiquetes, Sigues el primer a etiquetar aquest registre!
|
MARC
| LEADER | 00000 a a2200000 04500 | ||
|---|---|---|---|
| 001 | 17730 | ||
| 003 | |||
| 040 | |||
| 090 | |a 002300 | ||
| 100 | |a Reyes, Miguel Angel | ||
| 245 | |a Implicaciones estructurales e ideológicas del anteproyecto que crea la comunidad económica y social centroamericana | ||
| 260 | |a Panamá : | ||
| 300 | |a 26 p | ||
| 999 | |c 14128 |d 14128 | ||
